00484nam a2200181Ia 4500003000400000005001700004008004100021020002200062040000700084041001200091082002100103100001900124245007800143260003800221300001400259365001300273650001600286OSt20251014185923.0210423s2017 xx 000 0 und d a978-93-86516-17-6 cAL aEnglish a361.30723 bLOBF aJoselyn T Lobo aFieldwork in social work educationb: a manual for educators and students aBangalorebA T C Publishersc2017 ax,100bPB b150cINR aSocial Work